000 00254nam a2200097Ia 4500
082 _aLP EF FARR
245 0 _aSpud - learning to fly
100 _a VAN DE RUIT, John Johannesburg, 2009
942 _cBK
008 210817s9999 xx 000 0 und d
999 _c261181
_d261180